000 00187 a2200097 4500
020 _a9788420428192
041 _aspa
100 _aSaramago jose
245 _aCasi un objeto
942 _cBK
999 _c10717
_d10717